| 000 -LEADER |
| fixed length control field |
00877nam a2200241Ia 4500 |
| 001 - CONTROL NUMBER |
| control field |
17738 |
| 003 - CONTROL NUMBER IDENTIFIER |
| control field |
GE_BSU |
| 008 - FIXED-LENGTH DATA ELEMENTS--GENERAL INFORMATION |
| fixed length control field |
181216s||||||||xx |||||||||||||| ||und|| |
| 020 ## - INTERNATIONAL STANDARD BOOK NUMBER |
| International Standard Book Number |
9789941459283 |
| 040 ## - CATALOGING SOURCE |
| Transcribing agency |
GE_BSU |
| 080 ## - UNIVERSAL DECIMAL CLASSIFICATION NUMBER |
| Universal Decimal Classification number |
663.95(042.4) |
| 100 ## - MAIN ENTRY--PERSONAL NAME |
| Personal name |
ფრუიძე, მ., ბენდელიანი, ე. |
| 245 ## - TITLE STATEMENT |
| Title |
ჩაის დეგუსტაცია-ტიტესტერია |
| 245 ## - TITLE STATEMENT |
| Remainder of title |
დამხმ.სახელმძღვანელო |
| 245 ## - TITLE STATEMENT |
| Statement of responsibility, etc. |
რედ.: ე.ბენდელიანი |
| 260 ## - PUBLICATION, DISTRIBUTION, ETC. |
| Place of publication, distribution, etc. |
ქუთაისი |
| 260 ## - PUBLICATION, DISTRIBUTION, ETC. |
| Name of publisher, distributor, etc. |
აკაკი წერეთლის სახ. უნ-ტი |
| 260 ## - PUBLICATION, DISTRIBUTION, ETC. |
| Date of publication, distribution, etc. |
2015 |
| 300 ## - PHYSICAL DESCRIPTION |
| Extent |
200 გვ. ილ. 21სმ. |
| 300 ## - PHYSICAL DESCRIPTION |
| Accompanying material |
ბიბლ.გვ.193-196 |
| 653 ## - INDEX TERM--UNCONTROLLED |
| Uncontrolled term |
ჩაის დეგუსტაცია-ტიტესტერია |
| 942 ## - ADDED ENTRY ELEMENTS (KOHA) |
| Koha item type |
წიგნი |